Deutsche Städte anhand Herkunft des Namens - Statistiken

Allgemein
  • Dieses Quiz wurde 455 mal gespielt
  • Das Durchschnittsergebnis liegt bei 14 aus 20
Antwortstatistiken
Herkunft und Bedeutung Anfangsbuchstabe Stadt % Korrekt
Hier gab es eine von den Franken genutzte Furt F Frankfurt am Main
99%
Heißt auf sorbisch „Podstupim“, was „Vorposten“ bedeutet P Potsdam
96%
Von „brem“ was Einfassung und Rand bedeutet B Bremen
92%
Von Augusta Vindelicum, dem römischen Heerlager, aus dem sich die Stadt entwickelte A Augsburg
91%
Vom slawischen „br’lo“ bzw. „berlo“, was soviel wie „Sumpf“ oder „Morast“ bedeutet B Berlin
90%
Von „Hulma“, was ein alter Gewässername ist. Wahrscheinlich wurde dieser gewählt, da hier die Blau in die Donau fließt U Ulm
80%
Wahrscheinlich von „Avenbach“, also einem Bach an einer Aue O Offenbach
73%
Der alte Name frei übersetzt bedeutet "Pferdegarten" S Stuttgart
73%
Von „Brūnes-wīk“, eine Siedlung, die durch Brandrodung geschaffen wurde B Braunschweig
72%
Kommt vom Fluß Sieg. Dieser wiederum geht auf das keltische „Sikkere“ zurück, was „schnelles Gewässer“ bedeutet S Siegen
72%
Von„Krinvelde“, was Krähenfeld bedeutet K Krefeld
71%
Vom sorbischen Wort „Lipsk“, was „Ort der Linden“ bedeutet L Leipzig
70%
Name leitet sich von „Augusta Treverorum“ ab, was die „Stadt des Augustus im Land der Trever“ bedeutet T Trier
67%
Von Borthorpe, was „Dorf am Hügel“ bedeutet B Bottrop
66%
Hier gibt es einen Brunnen, dessen Wasser Heilkräfte haben soll H Heilbronn
61%
Kommt von heißen Quellen in einer Wiese W Wiesbaden
60%
Hier gab es schon im 8. Jahrhundert ein „Monasterium“, ein Kloster. M Münster
56%
Die Römer gaben der Stadt den Namen Mogontiacum, was so viel wie Land des Mogon bedeutet und sich auf den keltischen Sonnengott bezieht M Mainz
39%
Buchenheim B Bochum
36%
Der Name geht auf das römische Lager „Castrum Novaesium“ zurück N Neuss
29%
Keine übereinstimmenden Quizze gefunden
Verteilung der Resultate
Anzahl Personen mit jedem Resultat
Perzentil nach korrekt beantworteten Fragen
Ihre Resultats-Entwicklung
Sie haben dieses Quiz noch nicht gespielt